000 01163nam a22003377a 4500
003 CHAP
005 20220817041944.0
008 971013s1985 r 00010 d
010 _a29891
011 _a30863
035 _a34975
040 _cCHAP
090 _aFolleto 12388
100 0 0 _aMaldonado Aguirre, Lorenzo Jaime.
_970075
245 _aSistemas de producción forestal de zonas áridas
_b: experiencia latinoamericana
260 _aMéxico, D.F. :
_bInstituto Nacional de Investigaciones Forestales,
_c1985
300 _a55 p
490 _aBoletín divulgativo
_v; 72
590 _aBATCH-UPD
_b10
_c20130110
_lUCH01
_h0102
590 _aBATCH-UPD
_b10
_c20130110
_lUCH01
_h1315
590 _aBATCH-UPD
_b10
_c20130410
_lUCH01
_h0827
590 _aBATCH-UPD
_b10
_c20130914
_lUCH01
_h0652
590 _aCONVERSION
_b10
_c20130109
_lUCH01
_h1317
650 1 4 _aBosques
_xAmérica Latina.
_914052
650 1 4 _aBosques
_xRegiones áridas.
_914379
830 0 _aBoletín divulgativo
_v; 72
901 _aBK
942 _cFOLL
949 _aFolleto 12388
_bBC
_cFOLL
_d-80835
_eTS1
_i34975
_mD
_si
949 _aFolleto 12388
_bBC
_cFOLL
_d-80836
_eTS2
_fc.2
_i34975
_mD
_si
999 _c29891
_d29891